Cambridge, Massachusetts, the changing of a landscape /

Bibliographic Details
Main Author: Emmet, Alan, 1927-
Format: Book
Language:English
Published: [Cambridge, Mass.] : Harvard University, [1980]
Edition:2nd ed.
Subjects:

MARC

Tag First Indicator Second Indicator Subfields
LEADER 00000cam a2200000 a 4500
001 in00000370113
005 20151011082326.0
008 820222s1980 mauab b 00110 eng d
010 |a  78067793  
035 |a (OCoLC)08179721 
035 |9 ABQ0796AM 
040 |a UUM  |c UUM  |d TXA  |d UtOrBLW 
043 |a n-us-ma 
049 |a TXAM  |c [1001597] 
090 |a HT168.C28  |b E47 1980 
100 1 |a Emmet, Alan,  |d 1927- 
245 1 0 |a Cambridge, Massachusetts, the changing of a landscape /  |c by Alan Emmet ; with Douglas C. Allen [and others]. 
250 |a 2nd ed. 
264 1 |a [Cambridge, Mass.] :  |b Harvard University,  |c [1980] 
264 4 |c ©1980 
300 |a v, 87 pages :  |b illustrations, maps ;  |c 22 x 28 cm. 
336 |a text  |b txt  |2 rdacontent 
337 |a unmediated  |b n  |2 rdamedia 
338 |a volume  |b nc  |2 rdacarrier 
500 |a Includes index. 
504 |a Bibliography: pages 83-84. 
650 0 |a City planning  |z Massachusetts  |x History. 
650 0 |a Land use, Urban  |z Massachusetts  |z Cambridge  |x History. 
650 0 |a City planning  |z Massachusetts  |z Cambridge  |x History. 
651 0 |a Cambridge (Mass.)  |x History. 
999 |a MARS 
999 f f |s 526bfcec-a851-3e54-a4c3-55878a149803  |i c557f8d8-9c47-3704-b3dd-6193366f9b27  |t 0 
952 f f |p ric  |a Texas A&M University  |b Rellis Campus  |c Joint Library Facility  |d Remote Storage  |t 0  |e HT168.C28 E47 1980  |h Library of Congress classification  |i unmediated -- volume  |m A14807486741 
998 f f |a HT168.C28 E47 1980  |t 0  |l Remote Storage